Two cents (Record no. 4303)
[ view plain ]
| 000 - LÍDER | |
|---|---|
| campo de control de longitud fija | 01055nam a2200205Ia 4500 |
| 008 - ELEMENTOS DE DATOS DE LONGITUD FIJA - INFORMACIÓN GENERAL | |
| campo de control de longitud fija | 0000001996 usa 0000000000eng00 |
| 090 ## - NÚMERO DE LLAMADA DE TIPO LC LOCALMENTE ASIGNADO (OCLC) | |
| Número de clasificación (OCLC) (R) | PUS00 B17t |
| 100 1# - ENTRADA PRINCIPAL - NOMBRE PERSONAL | |
| Nombre de la persona | Basquiat, Jean Michel |
| Fechas asociadas a un nombre | 1960 |
| 245 10 - TÍTULO DECLARACIÓN | |
| Título | Two cents |
| Declaración de responsabilidad | / works on paper by JeanMichel Basquiat ; poetry by Kevin Young |
| 260 ## - PUBLICACIÓN, DISTRIBUCIÓN | |
| Lugar de publicación | Miami : MiamiDade Community College Wolfson Campus |
| Fecha de publicación | 1996 |
| 300 ## - DESCRIPCIÓN FÍSICA | |
| Alcance | 51 p. |
| Dimensiones | / 21 cm. |
| 500 ## - NOTA GENERAL | |
| Nota general | Exposición realizada en: Miami Dade Community College, Octubre 1995 Enero 1996, Castellani Art Museum Niagara University, New York, Febrero marzo 1996, Otis Gallery, Otis College of Art and Design Los Angeles, California, septiembre octubre 1996 \ Con el patronazgo del maestro venezolano Jesús Rafael Soto (q.e.p.d.) \ Registro auspiciado por el IDCT. Bogotá |
| 600 00 - ENTRADA DE SUJETO AÑADIDO - NOMBRE PERSONAL | |
| Nombre de la persona | BASQUIAT, JEAN MICHEL, 1960198/ |
| Subdivisión general | TRABAJOS PICTORICOS |
| 650 14 - ENTRADA DE SUJETO AÑADIDO - TÉRMINO TÓPICO | |
| Término tópico o elemento de entrada del nombre geográfico | PINTURA ESTADOUNIDENSE |
| 650 14 - ENTRADA DE SUJETO AÑADIDO - TÉRMINO TÓPICO | |
| Término tópico o elemento de entrada del nombre geográfico | ARTE CONTEMPORANEO ESTADOUNIDENSE |
| 650 14 - ENTRADA DE SUJETO AÑADIDO - TÉRMINO TÓPICO | |
| Término tópico o elemento de entrada del nombre geográfico | ARTE Y POESIA |
| 650 14 - ENTRADA DE SUJETO AÑADIDO - TÉRMINO TÓPICO | |
| Subdivisión general | CATALOGOS |
| 650 14 - ENTRADA DE SUJETO AÑADIDO - TÉRMINO TÓPICO | |
| Subdivisión general | EXPOSICIONES |
| 700 1# - ENTRADA AGREGADA - NOMBRE PERSONAL | |
| Nombre de la persona | Young, Kevin, 1970 |
| Estado de retirada | Pérdida de estatus | Estado dañado | No para préstamo | Código de recogida | Ubicación permanente | Ubicación actual | Ubicación de las estanterías | Fecha de adquisición | Número de llamada completo | Código de barras | Fecha de la última vez que se vio | Número de copia | Precio efectivo desde | Tipo de artículo Koha |
|---|---|---|---|---|---|---|---|---|---|---|---|---|---|---|
| General | ArtNexus | ArtNexus | General | 06/09/2022 | P-US-00 B17T | 4307 | 06/09/2022 | Ej.1 | 06/09/2022 | Libro |